000
00235nam a22000857a 4500
999
_c
11374
_d
11374
008
190402b ||||| |||| 00| 0 eng d
100
_a
Arora Sumita
_9
7112
245
_a
Information Practices-XII
260
_a
New Delhi
_b
Dhanpat Rai & Co
_c
2013